| 000 | 00551nam a22001937a 4500 | ||
|---|---|---|---|
| 999 |
_c7909 _d7909 |
||
| 003 | OSt | ||
| 005 | 20220729121803.0 | ||
| 008 | 220729b ||||| |||| 00| 0 eng d | ||
| 020 | _a978847045342712345 | ||
| 040 | _cddc | ||
| 082 | _a511.5 Blc 2020 | ||
| 100 |
_aBickle,Allan _916064 |
||
| 245 | _aFundamentals of graphic theory | ||
| 260 |
_aAmerica; _bAmerican Mathematical society; _c2020, |
||
| 300 |
_axiii,249p; _c26cm _bcol,ill: |
||
| 504 | _aAppendixes, bibliography and index included | ||
| 650 |
_aGraphic Theory _916065 |
||
| 942 |
_2ddc _cBOOK |
||